Los padres de ella

Greg Focker es un enfermero que tras anunciar su compromiso con su novia Pam, tiene que pasar unos días con los padres de ella, para conocerles. Su encuentro inicial no será muy afortunado, en especial por las suspicacias que Greg levanta en el estricto padre de la novia, un padre protector que ha t...

Descripción completa

Guardado en:
Autor Principal: Roach, Jay.
Autor Corporativo: TriBeCa Productions.
Otros Autores: Herzfeld, James; Guion., De Niro, Robert; Reparto., Stiller, Ben; Reparto., Polo, Teri; Reparto.
Formato: Deslizar
Idioma:Undetermined
Publicado: Estados Unidos : Universal Pictures, 2000.
Materias:
Etiquetas: Agregar Etiqueta
Sin Etiquetas, Sea el primero en etiquetar este registro!
LEADER 01727ngm a22002535a 4500
001 CEM.cems020550
008 231011s2000####xx#---############vlund#d
005 20231011195700.0
245 1 0 |a Los padres de ella  |h [videograbación] /  |c Jay Roach. 
260 |a Estados Unidos :  |b Universal Pictures,  |c 2000. 
300 |a 98'. 
520 |a Greg Focker es un enfermero que tras anunciar su compromiso con su novia Pam, tiene que pasar unos días con los padres de ella, para conocerles. Su encuentro inicial no será muy afortunado, en especial por las suspicacias que Greg levanta en el estricto padre de la novia, un padre protector que ha trabajado para la CIA, aunque ahora está ya retirado, y al que es muy difícil impresionar. Desde el principio, Jim rechaza por completo a Greg, pero a medida que lo conoce mejor, su rechazo se convierte en absoluto desprecio, y se encarga de convertirse en la peor pesadilla de este hombre que, a pesar de amar a su novia y querer dar una buena primera impresión, cada vez se hunde más en el lodo de su propia ineptitud, y deberá luchar mucho para poder cambiar la pésima opinión que tienen de él los padres de su novia. 
590 |a Identificación anterior: 230 
538 |a Soporte: DVD -- Formato: AVI – Peso: 697mb -- Resolución: 640 x 352 -- 23.98 fps 
500 |a Título original: Meet the Parents– Idioma: Doblar al español. 
100 1 |a Roach, Jay. 
700 1 |a Herzfeld, James; Guion. 
700 1 |a De Niro, Robert; Reparto. 
700 1 |a Stiller, Ben; Reparto. 
700 1 |a Polo, Teri; Reparto. 
710 2 |a TriBeCa Productions. 
653 |a LARGOMETRAJE 
653 |a FICCIÓN 
859 |a CEMS  |b BIB. CEMS - Depto. Recursos Didacticos  |h 778.5  |i ROA  |k DRD  |p 3174.23  |t Ej.1